000 02437cam a22003738i 4500
001 18424683
003 ARRUPE
005 20151024141437.0
008 150102s2015 nju b 001 0 eng
010 _a 2014045862
020 _a9781592219957 (hard cover)
020 _a9781592219964 (pbk.)
040 _aDLC
_beng
_cDLC
_erda
042 _apcc
043 _af-rh---
050 0 0 _aPR9390.4
_b.M68 2015
082 0 0 _a823/.914093523096891
_223
100 1 _aMuponde, Robert.
_920534
245 1 0 _aSome kinds of childhood :
_bimages of history and resistance in Zimbabwean literature /
_cRobert Muponde.
263 _a1503
300 _apages cm
504 _aIncludes bibliographical references and index.
505 0 _aIntroduction: some kinds of childhood -- Spaces of memory. Traversing enclosures of fantastic childhood: Geoffrey Ndhlala: Jikinya -- Childhood as narrative of tactical remembrance: Shimmer Chinodya: Dew in the morning -- Children of resistance. Childhood as a condition and a history: Wilson Katiyo: Son of the soil -- Other kinds of childhood journeying: Ben Chirasha (Shimmer Chinodya): Child of war -- Girlhoods. The nativism of girlhood tears: Yvonne Vera: Under the tongue -- Girlhood as a gift from death: Tsitsi Dangarembga: Nervous conditions -- Pestilence of silence: deaf and dumb childhood: Chenjerai Hove: Ancestors -- Dystopic childhoods. Killing fathers killing crows: Charles Mungoshi: Coming of the dry season/ some kinds wounds -- Childhood as critical thinking and writing: Dambudzo Marechera: The house of hunger -- The postnational as postchildhood. Versions of postcolonial postchildhood: Memory Chirere: Selected short stories -- Postnational childhood? or postcolonial postchildhood? Christopher Mlalazi: Running with mother -- Noviolet Bulawayo: We need new names.
650 0 _aZimbabwean fiction (English)
_xBlack authors
_xHistory and criticism.
_9523
650 0 _aZimbabwean fiction (English)
_y20th century
_xHistory and criticism.
_9524
650 0 _aZimbabwean fiction (English)
_y21st century
_xHistory and criticism.
_920535
650 0 _aChildhood in literature.
_920536
650 0 _aWar in literature.
_94597
650 0 _aPolitics and literature
_zZimbabwe.
_920537
651 0 _aZimbabwe
_xIn literature.
_94600
906 _a7
_bcbc
_corignew
_d1
_eecip
_f20
_gy-gencatlg
942 _2lcc
_cMONOGRAPH
999 _c123610
_d123610